000 00661nam a2200217Ia 4500
003 OSt
005 20220927102945.0
006 a|||||r|||| 00| 0
007 ta
008 220926b |||||||| |||| 00| 0 eng d
024 _a15772
037 _cReference Collections
040 _aRTL
_cRTL
_beng
041 _2eng
_aeng
082 _a"X.72.N55t, J5/GD"
110 _a"Canada Royal Commision on Economic Prospects,Nov 1957"
_9352093
245 0 _aFinal Report.
700 _a"Canada Royal Commision on Economic Prospects,Nov 1957"
_9352094
942 _h"X.72.N55t, J5/GD"
_cCC
999 _c679769
_d679769